000
00212nam a22001097a 4500
041
_a
eng
080
_a
80
100
_a
Artemjuk, N. D.
245
_a
Aus dem Alltag Gegriffen.
650
_a
German
999
_c
278580
_d
278580
942
_c
BK